000 00376nam a22001577a 4500
003 macl
005 20150524133623.0
008 150524b xxu||||| |||| 00| 0 eng d
040 _cmacl
082 _a300
100 _aGeetanjali
_928
245 _aStatus of Dalits in Indian
260 _aNew Delhi
_bCentraum Press
_c2011
650 _aSocial Science
_929
942 _2ddc
_cBK
999 _c49721
_d49721